Ориентационная зависимость эффекта памяти формы в монокристаллах сплава Ni53Mn25Ga22; Перспективы развития фундаментальных наук; Т. 1 : Физика
| Parent link: | Перспективы развития фундаментальных наук=Prospects of Fundamental Sciences Development: сборник научных трудов XIV Международной конференции студентов, аспирантов и молодых ученых, г. Томск, 25-28 апреля 2017 г./ Национальный исследовательский Томский политехнический университет (ТПУ) ; под ред. И. А. Курзиной, Г. А. Вороновой.— , 2017 Т. 1 : Физика.— 2017.— [С. 279-281] |
|---|---|
| Glavni avtor: | |
| Drugi avtorji: | , , |
| Izvleček: | Заглавие с экрана Thermoelastic martensitic transformations were investigated under cooling/heating under compressive load in <011>-, <123>-oriented NiMnGa single crystals annealed at a 1273 K for 1 hour followed by slow cooling. It is shown that the reversible strain at shape memory effect and the value of the thermal hysteresis ΔT depend on the orientation of the crystal axis: in the <011>-oriented single crystals the maximum reversible strain is ε = 4.1 %, and the maximum thermal hysteresis ΔT = 60 K, and in <123>-oriented single crystals ε = 3.2 %, and ΔT = 35 K. |
| Jezik: | ruščina |
| Izdano: |
2017
|
| Teme: | |
| Online dostop: | http://earchive.tpu.ru/handle/11683/44172 |
| Format: | MixedMaterials Elektronski Book Chapter |
| KOHA link: | https://koha.lib.tpu.ru/cgi-bin/koha/opac-detail.pl?biblionumber=624406 |
MARC
| LEADER | 00000naa2a2200000 4500 | ||
|---|---|---|---|
| 001 | 624406 | ||
| 005 | 20231101133318.0 | ||
| 035 | |a (RuTPU)RU\TPU\conf\23666 | ||
| 035 | |a RU\TPU\conf\23665 | ||
| 090 | |a 624406 | ||
| 100 | |a 20171122d2017 k y0rusy50 ca | ||
| 101 | 0 | |a rus |d eng | |
| 102 | |a RU | ||
| 105 | |a y z 100zy | ||
| 135 | |a drcn ---uucaa | ||
| 181 | 0 | |a i | |
| 182 | 0 | |a b | |
| 200 | 1 | |a Ориентационная зависимость эффекта памяти формы в монокристаллах сплава Ni53Mn25Ga22 |d Orientational dependence of shape memory effect in Ni53Mn25Ga22 single crystals |f М. В. Пичкалёва, Е. Е. Тимофеева |g науч. рук. Е. Ю. Панченко, Ю. И. Чумляков | |
| 203 | |a Текст |c электронный | ||
| 230 | |a 1 компьютерный файл (pdf; 296 Kb) | ||
| 300 | |a Заглавие с экрана | ||
| 320 | |a [Библиогр.: с. 281 (6 назв.)] | ||
| 330 | |a Thermoelastic martensitic transformations were investigated under cooling/heating under compressive load in <011>-, <123>-oriented NiMnGa single crystals annealed at a 1273 K for 1 hour followed by slow cooling. It is shown that the reversible strain at shape memory effect and the value of the thermal hysteresis ΔT depend on the orientation of the crystal axis: in the <011>-oriented single crystals the maximum reversible strain is ε = 4.1 %, and the maximum thermal hysteresis ΔT = 60 K, and in <123>-oriented single crystals ε = 3.2 %, and ΔT = 35 K. | ||
| 461 | 1 | |0 (RuTPU)RU\TPU\conf\21388 |t Перспективы развития фундаментальных наук |l Prospects of Fundamental Sciences Development |o сборник научных трудов XIV Международной конференции студентов, аспирантов и молодых ученых, г. Томск, 25-28 апреля 2017 г. |o в 7 т. |f Национальный исследовательский Томский политехнический университет (ТПУ) ; под ред. И. А. Курзиной, Г. А. Вороновой |d 2017 | |
| 463 | 1 | |0 (RuTPU)RU\TPU\conf\21389 |t Т. 1 : Физика |v [С. 279-281] |d 2017 | |
| 510 | 1 | |a Orientational dependence of shape memory effect in Ni53Mn25Ga22 single crystals |z eng | |
| 610 | 1 | |a электронный ресурс | |
| 610 | 1 | |a ферромагнитные сплавы | |
| 610 | 1 | |a монокристаллы | |
| 610 | 1 | |a мартенситные превращения | |
| 610 | 1 | |a магнитные поля | |
| 610 | 1 | |a анизотропия | |
| 700 | 1 | |a Пичкалёва |b М. В. | |
| 701 | 1 | |a Тимофеева |b Е. Е. | |
| 702 | 1 | |a Панченко |b Е. Ю. |4 727 | |
| 702 | 1 | |a Чумляков |b Ю. И. |4 727 | |
| 801 | 2 | |a RU |b 63413507 |c 20171204 |g RCR | |
| 856 | 4 | |u http://earchive.tpu.ru/handle/11683/44172 | |
| 942 | |c BK | ||